Štruktúrna analýza boridovanej nástrojovej ocele M 390 = Structural analysis of boride tool steel M 390 : Bakalárska práca

Na minha lista:
Detalhes bibliográficos
Autor principal: Pribylová, Zuzana (Author)
Outros Autores: Sedlická, Viktória, 1956- (xxx)
Formato: Manuscrito Livro
Idioma:eslovaco
Publicado em: Trnava : STU v Bratislave MTF UMAT, 2008
Assuntos:
Tags: Adicionar Tag
Sem tags, seja o primeiro a adicionar uma tag!

MARC

LEADER 00000ntm a22000003a 4500
001 stu175324
005 20160719154333.0
008 081103s2008----xo------------------slo-d
040 |a STU  |b slo 
041 0 |a slo 
044 |a xo 
100 1 |a Pribylová, Zuzana  |4 aut 
245 1 |a Štruktúrna analýza boridovanej nástrojovej ocele M 390 = Structural analysis of boride tool steel M 390 :  |b Bakalárska práca 
260 |a Trnava :  |b STU v Bratislave MTF UMAT,  |c 2008 
300 |a 43 s  |c 1 CD-ROM 
500 |a Odbor: materiálové inžinierstvo 
650 7 |a chemicko-tepelné spracovanie  |2 stusub 
650 7 |a boridovanie  |2 stusub 
700 1 |a Sedlická, Viktória,  |d 1956-  |4 xxx  |u M1000  |U MTF Materiálovotechnologická fakulta  |T MTF Ústav materiálov  |X 1527  |U M1000  |Y 81  |7 A000001527 
996 |b 284M069248  |c M*BP-3508  |l MMSKP  |s P  |a 0  |w stu175324_0001